Sobre lo espiritual en el arte
Enregistré dans:
| Auteur principal: | |
|---|---|
| Format: | Livre |
| Langue: | espagnol |
| Publié: |
Buenos Aires
Andrómeda
1995
|
| Édition: | 1a. ed |
| Sujets: | |
| Tags: |
Ajouter un tag
Pas de tags, Soyez le premier à ajouter un tag!
|
MARC
| LEADER | 00000nam a2200000 a 4500 | ||
|---|---|---|---|
| 001 | UCG4862 | ||
| 003 | CL-VaPUC | ||
| 008 | 101209e19950000AG |||||||||||||||||spa|d | ||
| 020 | |a 9789507223389 | ||
| 082 | 0 | 4 | |a 701.17 |b KAN |2 21 |
| 100 | |a Kandinsky, Wassily, |d 1866-1944 |q Kandinski, Vasili Vasílievich |e autor |9 595855 | ||
| 245 | 1 | 0 | |a Sobre lo espiritual en el arte |
| 250 | |a 1a. ed | ||
| 300 | |a 144 p | ||
| 942 | |c BK | ||
| 945 | |d 20101209 00:00:00 |a dcastane | ||
| 260 | |a Buenos Aires |b Andrómeda |c 1995 | ||
| 650 | 0 | |a Estética |9 264950 | |
| 650 | 0 | |a Filosofía del arte |9 264951 | |
| 583 | |a last modification |c 20101209 00:00:00 |k Rodrigo Vera | ||
| 999 | |c 343468 |d 343466 | ||
| 952 | |0 0 |1 0 |4 0 |6 701_170000000000000_KAN_1995 |7 0 |8 A |9 440787 |a BIBARQ |b BIBARQ |d 2019-11-22 |i 4741099 |l 4 |m 2 |o 701.17 KAN 1995 |p 4741099 |r 2025-01-20 |s 2024-08-13 |w 2019-11-22 |y BK |k ARQ | ||